[Event "CRO-chT (Women)"]
[Site "Sibenik"]
[Date "2016.10.12"]
[Round "6.4"]
[White "Racki, Barbara"]
[Black "Ivekovic, Ivana"]
[Result "1/2-1/2"]
[WhiteElo "1907"]
[BlackElo "1869"]
[PlyCount "67"]
[EventDate "2016.10.08"]
[EventType "team-tourn"]
[EventRounds "9"]
[EventCountry "CRO"]
[SourceTitle "EXT 2017"]
[Source "ChessBase"]
[SourceDate "2016.10.25"]
[SourceVersion "1"]
[SourceVersionDate "2016.10.25"]
[SourceQuality "1"]
[WhiteTeam "Rijeka Liburnija (W)"]
[BlackTeam "Split Mornar (W)"]
[WhiteTeamCountry "CRO"]
[BlackTeamCountry "CRO"]

1. e4 c5 2. Nf3 e6 3. c3 d5 4. exd5 Qxd5 5. d4 Nf6 6. Bd3 Be7 7. 0-0 0-0 8. Be3 cxd4 9. cxd4 Nc6 10. Nc3 Qd6 11. a3 b6 12. Qe2 Bb7 13. Rad1 Rad8 14. Bb1 Rfe8 15. Ng5 g6 16. f4 Nd5 17. Nce4 Qd7 18. Nf3 Ba6 19. Bd3 Bxd3 20. Rxd3 Nxe3 21. Qxe3 Qd5 22. Rfd1 Na5 23. Ne5 f6 24. Ng4 Kg7 25. Nc3 Qf5 26. Qf3 Nc4 27. Ne3 Nxe3 28. Rxe3 Bd6 29. Ne2 Qc2 30. Ng3 Qxb2 31. Ne4 Kf7 32. Rb3 Qc2 33. Rd2 Qc1+ 34. Rd1 1/2-1/2

[Event "CRO-chT (Women)"]
[Site "Sibenik"]
[Date "2016.10.10"]
[Round "4.4"]
[White "Turk, Vesna"]
[Black "Ivekovic, Ivana"]
[Result "1-0"]
[WhiteElo "1745"]
[BlackElo "1869"]
[PlyCount "53"]
[EventDate "2016.10.08"]
[EventType "team-tourn"]
[EventRounds "9"]
[EventCountry "CRO"]
[SourceTitle "EXT 2017"]
[Source "ChessBase"]
[SourceDate "2016.10.25"]
[SourceVersion "1"]
[SourceVersionDate "2016.10.25"]
[SourceQuality "1"]
[WhiteTeam "Sisak (W)"]
[BlackTeam "Split Mornar (W)"]
[WhiteTeamCountry "CRO"]
[BlackTeamCountry "CRO"]

1. d4 Nf6 2. Nf3 g6 3. Bg5 Bg7 4. e3 0-0 5. c4 d6 6. Nc3 Nbd7 7. Be2 c6 8. 0-0 Qc7 9. Rc1 e5 10. d5 h6 11. Bh4 g5 12. Bg3 Nh5 13. Nd2 Nxg3 14. hxg3 f5 15. g4 Nf6 16. gxf5 Bxf5 17. e4 Bg6 18. b4 Qb6 19. dxc6 bxc6 20. b5 Kh8 21. Na4 Qd4 22. c5 Nxe4 23. Nf3 Qxd1 24. Rcxd1 Rab8 25. Nd2 Rxb5 26. Nxe4 Bxe4 27. Nc3 1-0

[Event "CRO-chT (Women)"]
[Site "Sibenik"]
[Date "2016.10.09"]
[Round "3.1"]
[White "Sargac, Rajna"]
[Black "Ivekovic, Ivana"]
[Result "1-0"]
[WhiteElo "2168"]
[BlackElo "1869"]
[PlyCount "67"]
[EventDate "2016.10.08"]
[EventType "team-tourn"]
[EventRounds "9"]
[EventCountry "CRO"]
[SourceTitle "EXT 2017"]
[Source "ChessBase"]
[SourceDate "2016.10.25"]
[SourceVersion "1"]
[SourceVersionDate "2016.10.25"]
[SourceQuality "1"]
[WhiteTeam "Busevec Polet (W)"]
[BlackTeam "Split Mornar (W)"]
[WhiteTeamCountry "CRO"]
[BlackTeamCountry "CRO"]

1. e4 c5 2. Nc3 e6 3. Nf3 a6 4. g3 b5 5. Bg2 Bb7 6. d3 d6 7. 0-0 Nf6 8. h3 Be7 9. Ne2 Nbd7 10. g4 0-0 11. Ng3 Qc7 12. Qe2 Ne5 13. Nh2 Rad8 14. f4 Ng6 15. g5 Nd7 16. Qg4 d5 17. h4 Rfe8 18. h5 Ngf8 19. f5 Ne5 20. Qh4 Bd6 21. Bf4 Ned7 22. f6 Bxf4 23. Rxf4 Qe5 24. fxg7 Qxg7 25. Raf1 Ne5 26. h6 Qh8 27. R4f2 Nfg6 28. Qh3 Kf8 29. Nh5 Ke7 30. Ng7 Rf8 31. exd5 Bxd5 32. Bxd5 exd5 33. Rf6 Rd6 34. Nf5+ 1-0

[Event "EU-ch (Women) 14th"]
[Site "Belgrade"]
[Date "2013.08.03"]
[Round "11"]
[White "Milanovic, Maja"]
[Black "Ivekovic, Ivana"]
[Result "0-1"]
[WhiteElo "1969"]
[BlackElo "1858"]
[PlyCount "72"]
[EventDate "2013.07.23"]
[EventType "swiss"]
[EventRounds "11"]
[EventCountry "SRB"]
[SourceTitle "CBM 155 Extra"]
[Source "ChessBase"]
[SourceDate "2013.08.26"]
[SourceVersion "1"]
[SourceVersionDate "2013.08.26"]
[SourceQuality "1"]

1. e4 c5 2. Nf3 Nc6 3. d4 cxd4 4. Nxd4 Nf6 5. Nc3 d6 6. Be2 g6 7. 0-0 Bg7 8. Be3 0-0 9. h3 Bd7 10. Nb3 Rc8 11. Qd2 a6 12. a4 Ne5 13. f3 Be6 14. Nd5 Bxd5 15. exd5 Qc7 16. Na5 Qxc2 17. Rfd1 Nxd5 18. Bf2 Nf4 19. Qxf4 Qxe2 20. Rd2 Nd3 21. Rxe2 Nxf4 22. Rxe7 Bxb2 23. Rb1 Be5 24. Rexb7 Rc2 25. Nb3 Rfc8 26. Kf1 Ra2 27. Nd4 Rxa4 28. Ne2 Nxe2 29. Kxe2 Rc2+ 30. Kf1 Raa2 31. Be3 Rxg2 32. Rc1 Rgc2 33. Rcb1 Rab2 34. Bh6 Rf2+ 35. Kg1 Rg2+ 36. Kh1 Rh2+ 0-1

[Event "EU-ch (Women) 14th"]
[Site "Belgrade"]
[Date "2013.07.27"]
[Round "5"]
[White "Ivekovic, Ivana"]
[Black "Utiatskaja, Irina"]
[Result "0-1"]
[WhiteElo "1858"]
[BlackElo "2047"]
[PlyCount "38"]
[EventDate "2013.07.23"]
[EventType "swiss"]
[EventRounds "11"]
[EventCountry "SRB"]
[SourceTitle "CBM 155 Extra"]
[Source "ChessBase"]
[SourceDate "2013.08.26"]
[SourceVersion "1"]
[SourceVersionDate "2013.08.26"]
[SourceQuality "1"]

1. d4 Nf6 2. Nf3 g6 3. Nbd2 d5 4. c4 c6 5. e3 Bg7 6. Bd3 0-0 7. 0-0 Nbd7 8. e4 dxe4 9. Nxe4 Nxe4 10. Bxe4 e5 11. dxe5 Nxe5 12. Nxe5 Bxe5 13. Qxd8 Rxd8 14. Rb1 Rd4 15. Re1 Bf6 16. Bh6 Be6 17. b3 Rad8 18. Bc1 Rxe4 19. Rf1 Re2 0-1

[Event "CRO-chT Cup 22nd"]
[Site "Bol"]
[Date "2013.05.25"]
[Round "5.84"]
[White "Ivekovic, Ivana"]
[Black "Havas, Janko"]
[Result "0-1"]
[WhiteElo "1861"]
[BlackElo "2114"]
[PlyCount "80"]
[EventDate "2013.05.22"]
[EventType "team"]
[EventRounds "6"]
[EventCountry "CRO"]
[SourceTitle "CBM 154 Extra"]
[Source "ChessBase"]
[SourceDate "2013.06.25"]
[SourceVersion "2"]
[SourceVersionDate "2013.06.25"]
[SourceQuality "1"]
[WhiteTeam "Split Mornar"]
[BlackTeam "Varazdin"]
[WhiteTeamCountry "CRO"]
[BlackTeamCountry "CRO"]

1. d4 Nf6 2. Nf3 g6 3. c4 Bg7 4. g3 0-0 5. Bg2 d6 6. 0-0 Nc6 7. Nc3 a6 8. h3 Bd7 9. Re1 Na5 10. Qd3 c5 11. e4 cxd4 12. Nxd4 Qc8 13. e5 dxe5 14. Rxe5 Nc6 15. Nxc6 bxc6 16. Qf3 Bxh3 17. Rxe7 Bxg2 18. Kxg2 Rb8 19. Qe2 Rb7 20. Rxb7 Qxb7 21. Bf4 Re8 22. Qc2 Qb4 23. Na4 Qa5 24. Rd1 Qh5 25. f3 Qa5 26. Nc3 h5 27. Rd2 Qc5 28. Re2 Qxc4 29. Rxe8+ Nxe8 30. Qd2 Nf6 31. Bg5 Nd5 32. Nxd5 Qxd5 33. Qxd5 cxd5 34. b3 Kf8 35. Kf2 Ke8 36. Ke2 Kd7 37. Kd3 Be5 38. g4 f6 39. Be3 h4 40. f4 h3 0-1

[Event "CRO-chT (Women) 20th"]
[Site "Sibenik"]
[Date "2011.10.09"]
[Round "7.4"]
[White "Videkovic, Marina"]
[Black "Ivekovic, Ivana"]
[Result "0-1"]
[WhiteElo "1907"]
[BlackElo "1912"]
[PlyCount "80"]
[EventDate "2011.10.04"]
[EventType "team-tourn"]
[EventRounds "7"]
[EventCountry "CRO"]
[SourceTitle "CBM 144 Extra"]
[Source "ChessBase"]
[SourceDate "2011.10.28"]
[SourceVersion "1"]
[SourceVersionDate "2011.10.28"]
[SourceQuality "1"]
[WhiteTeam "Zrinski Topolovac (W)"]
[BlackTeam "Rijeka (W)"]
[WhiteTeamCountry "CRO"]
[BlackTeamCountry "CRO"]

1. d4 Nf6 2. c4 g6 3. Nc3 Bg7 4. e4 d6 5. Nf3 0-0 6. Be2 e5 7. dxe5 dxe5 8. Bg5 Nbd7 9. h3 c6 10. 0-0 Nc5 11. Qc2 Qc7 12. Rfd1 Ne6 13. Be3 Nh5 14. g3 b6 15. Rac1 Bd7 16. Kh2 Nf6 17. Ng5 Nd4 18. Qd2 Rad8 19. Qe1 Qc8 20. Nf3 Nxf3+ 21. Bxf3 Bxh3 22. Rxd8 Rxd8 23. Rd1 Ng4+ 24. Bxg4 Bxg4 25. Rxd8+ Qxd8 26. Qd2 Qe7 27. Kg2 h5 28. f3 Be6 29. b3 Bf6 30. a4 Qb4 31. Qc2 Be7 32. Na2 Qe1 33. Bf2 Bh3+ 34. Kh2 Qf1 35. Bg1 Be6 36. Qg2 Qb1 37. a5 Qxb3 38. axb6 axb6 39. Nc1 Qxc4 40. Qb2 Qf1 0-1

[Event "CRO-chT (Women) 20th"]
[Site "Sibenik"]
[Date "2011.10.04"]
[Round "1.2"]
[White "Ivekovic, Ivana"]
[Black "Saric, Kristina"]
[Result "0-1"]
[WhiteElo "1912"]
[BlackElo "2219"]
[PlyCount "60"]
[EventDate "2011.10.04"]
[EventType "team-tourn"]
[EventRounds "7"]
[EventCountry "CRO"]
[SourceTitle "CBM 144 Extra"]
[Source "ChessBase"]
[SourceDate "2011.10.28"]
[SourceVersion "1"]
[SourceVersionDate "2011.10.28"]
[SourceQuality "1"]
[WhiteTeam "Rijeka (W)"]
[BlackTeam "Rijeka Liburnija (W)"]
[WhiteTeamCountry "CRO"]
[BlackTeamCountry "CRO"]

1. d4 Nf6 2. Nf3 e6 3. c4 d5 4. g3 dxc4 5. Bg2 c6 6. 0-0 b5 7. Ne5 Bb7 8. a4 Qc8 9. Bg5 Nbd7 10. Bxf6 gxf6 11. Nf3 a6 12. b3 cxb3 13. Qxb3 b4 14. a5 c5 15. dxc5 Bxc5 16. Nbd2 Bd5 17. Qb2 Qb7 18. e4 Bc6 19. Nd4 Ne5 20. Nxc6 Qxc6 21. Nb3 Ba7 22. Rac1 Qb5 23. Rc2 0-0 24. Kh1 Rac8 25. Rfc1 Rxc2 26. Rxc2 Rd8 27. Qc1 Ng4 28. Kg1 Nxf2 29. Rxf2 Qe2 30. Qf1 Rd1 0-1

[Event "Valpovo op (Women)"]
[Site "Valpovo"]
[Date "2010.12.05"]
[Round "7"]
[White "Ivekovic, Ivana"]
[Black "Mahmutbegovic, Nadina"]
[Result "1-0"]
[WhiteElo "1935"]
[BlackElo "1639"]
[PlyCount "75"]
[EventDate "2010.12.03"]
[EventType "swiss"]
[EventRounds "7"]
[EventCountry "CRO"]
[SourceTitle "CBM 139 Extra"]
[Source "ChessBase"]
[SourceDate "2011.01.05"]
[SourceVersion "1"]
[SourceVersionDate "2011.01.05"]
[SourceQuality "1"]

1. d4 d5 2. Nf3 Nf6 3. c4 e6 4. g3 Be7 5. Bg2 0-0 6. 0-0 b6 7. b3 Bb7 8. Bb2 Nbd7 9. Ne5 Rb8 10. Nd2 Ne4 11. cxd5 exd5 12. Rc1 Nxe5 13. dxe5 Nxd2 14. Qxd2 c5 15. Rfd1 d4 16. e3 Bxg2 17. Kxg2 Qd5+ 18. Kg1 Qxe5 19. exd4 cxd4 20. Bxd4 Qd6 21. Qe2 Qe6 22. Qxe6 fxe6 23. Rc7 Bf6 24. Bxf6 gxf6 25. Rdd7 Rfd8 26. Rxh7 a6 27. Rhg7+ Kh8 28. h4 Rd2 29. Rgf7 f5 30. Rce7 Kg8 31. Rf6 Rxa2 32. Rexe6 Ra5 33. Rxb6 Rxb6 34. Rxb6 Kg7 35. Kg2 Ra3 36. Kf3 a5 37. Kf4 a4 38. bxa4 1-0

[Event "Valpovo op (Women)"]
[Site "Valpovo"]
[Date "2010.12.04"]
[Round "3"]
[White "Ivekovic, Ivana"]
[Black "Berke, Ana"]
[Result "1/2-1/2"]
[WhiteElo "1935"]
[BlackElo "2168"]
[PlyCount "122"]
[EventDate "2010.12.03"]
[EventType "swiss"]
[EventRounds "7"]
[EventCountry "CRO"]
[SourceTitle "CBM 139 Extra"]
[Source "ChessBase"]
[SourceDate "2011.01.05"]
[SourceVersion "1"]
[SourceVersionDate "2011.01.05"]
[SourceQuality "1"]

1. d4 Nf6 2. c4 e6 3. Nf3 c5 4. g3 cxd4 5. Nxd4 d5 6. Bg2 e5 7. Nf3 d4 8. 0-0 Nc6 9. a3 a5 10. Bg5 Be7 11. Nbd2 0-0 12. Bxf6 Bxf6 13. Ne4 Be7 14. Rc1 f5 15. Ned2 e4 16. Ne1 Be6 17. b3 Bxa3 18. Ra1 Bc5 19. Nc2 Qd7 20. Na3 Bxa3 21. Rxa3 Rfd8 22. Qc1 Nb4 23. Rd1 d3 24. Nf1 Qc7 25. exd3 Nxd3 26. Qa1 b6 27. Ne3 Rac8 28. Ra2 Qc5 29. Rad2 Qb4 30. Bh3 Rc5 31. Qb1 b5 32. cxb5 Rxb5 33. Qc2 Rc5 34. Nc4 Bxc4 35. bxc4 Rxc4 36. Qa2 g6 37. Rc2 Rdc8 38. Bf1 Kf8 39. Rxc4 Qxc4 40. Qxa5 Qc5 41. Qa2 Rd8 42. Rb1 Qd5 43. Qa3+ Qd6 44. Qa7 Qd4 45. Qa3+ Kg7 46. Rb7+ Kh6 47. Qa2 Rc8 48. Qd2+ g5 49. h4 Rg8 50. hxg5+ Rxg5 51. Bxd3 exd3 52. Rb4 Qc5 53. Rh4+ Kg6 54. Qxd3 h5 55. Qa6+ Kf7 56. Qb7+ Kf6 57. Qf3 Kg6 58. Ra4 Kh6 59. Ra6+ Rg6 60. Qf4+ Kh7 61. Rxg6 Kxg6 1/2-1/2

[Event "Mediterranean op-B 4th"]
[Site "Rijeka"]
[Date "2010.11.14"]
[Round "3"]
[White "Antunovic, Ivo"]
[Black "Ivekovic, Ivana"]
[Result "1-0"]
[WhiteElo "2141"]
[BlackElo "1935"]
[PlyCount "97"]
[EventDate "2010.11.13"]
[EventType "swiss"]
[EventRounds "9"]
[EventCountry "CRO"]
[SourceTitle "EXT 2011"]
[Source "ChessBase"]
[SourceDate "2010.11.26"]
[SourceVersion "1"]
[SourceVersionDate "2010.11.26"]
[SourceQuality "1"]

1. Nf3 c5 2. e4 e6 3. d3 d6 4. Be2 Nf6 5. 0-0 Nc6 6. c3 Be7 7. Re1 0-0 8. Bf1 Qc7 9. h3 a6 10. d4 cxd4 11. cxd4 Bd7 12. Nc3 Rad8 13. Bd3 Rfe8 14. a3 h6 15. Bb1 Bf8 16. Qc2 g6 17. e5 dxe5 18. dxe5 Nd5 19. h4 Bg7 20. h5 Nce7 21. Nxd5 Nxd5 22. Qxc7 Nxc7 23. hxg6 fxg6 24. Bxg6 Rf8 25. Be4 b5 26. Bd2 Be8 27. Ba5 Rd7 28. Bc6 Rdf7 29. Bxe8 Rxe8 30. Rac1 Nd5 31. Rc6 Ra7 32. Bb6 Raa8 33. Be3 Kf7 34. Bd2 a5 35. Kf1 b4 36. a4 Ne7 37. Rc7 Kf8 38. Rec1 Nd5 39. R7c6 Kf7 40. Ke2 Rg8 41. g3 Rgd8 42. R1c4 Ra7 43. Bf4 Bf8 44. Nd4 Nxf4+ 45. gxf4 Re8 46. Nb5 Rd7 47. Nd4 h5 48. Kf3 Rde7 49. Ra6 1-0

[Event "Djakovo (Women) op 5th"]
[Site "Djakovo"]
[Date "2010.02.27"]
[Round "2"]
[White "Sargac, Rajna"]
[Black "Ivekovic, Ivana"]
[Result "1-0"]
[WhiteElo "2201"]
[BlackElo "1929"]
[PlyCount "73"]
[EventDate "2010.02.27"]
[EventType "swiss"]
[EventRounds "7"]
[EventCountry "CRO"]
[SourceTitle "CBM 135 Extra"]
[Source "ChessBase"]
[SourceDate "2010.05.04"]
[SourceVersion "1"]
[SourceVersionDate "2010.05.04"]
[SourceQuality "1"]

1. d4 Nf6 2. c4 g6 3. g3 Bg7 4. Bg2 0-0 5. Nc3 d6 6. e3 c6 7. Nge2 Nbd7 8. b3 e5 9. a4 Re8 10. h3 h5 11. Ba3 Nf8 12. dxe5 dxe5 13. 0-0 Bf5 14. e4 Be6 15. a5 Qc8 16. Kh2 h4 17. Na4 N8d7 18. Nc5 Nxc5 19. Bxc5 Bh6 20. Qc2 Nd7 21. Bb4 b6 22. Rad1 c5 23. Bd2 Bxd2 24. Qxd2 hxg3+ 25. fxg3 Qc7 26. axb6 axb6 27. Nc3 Rad8 28. Nb5 Qb8 29. Qg5 Nf8 30. Nc3 Nh7 31. Qh6 Rd4 32. Nd5 Bxd5 33. cxd5 Qa7 34. h4 Qa2 35. Rxf7 Kxf7 36. Qxh7+ Kf6 37. Rf1+ 1-0

[Event "Hum na Sutli op"]
[Site "Hum na Sutli"]
[Date "2009.11.21"]
[Round "1"]
[White "Ivekovic, Ivana"]
[Black "Kalajzic, Ivan"]
[Result "1/2-1/2"]
[WhiteElo "1924"]
[BlackElo "2269"]
[PlyCount "101"]
[EventDate "2009.11.21"]
[EventType "swiss"]
[EventRounds "6"]
[EventCountry "CRO"]
[SourceTitle "CBM 133 Extra"]
[Source "ChessBase"]
[SourceDate "2010.01.05"]
[SourceVersion "1"]
[SourceVersionDate "2010.01.05"]
[SourceQuality "1"]

1. d4 Nc6 2. c4 e5 3. d5 Nce7 4. e4 Nf6 5. Nc3 Ng6 6. g3 Bc5 7. Qe2 d6 8. Be3 Bxe3 9. Qxe3 Ng4 10. Qd2 f5 11. f3 Nh6 12. exf5 Nxf5 13. Bd3 0-0 14. 0-0-0 Bd7 15. Nge2 a6 16. h4 b5 17. h5 Nh8 18. g4 Nh4 19. Qc2 g6 20. hxg6 N8xg6 21. Bxg6 Nxg6 22. Rh3 Rf7 23. Rdh1 Rg7 24. Ne4 Qe7 25. Rh5 Nf8 26. g5 Kf7 27. Nf6 bxc4 28. Nxh7 Ke8 29. Nxf8 Qxf8 30. Rh8 Rg8 31. Rxg8 Qxg8 32. g6 c3 33. Nxc3 Kd8 34. Rh5 Be8 35. Rg5 Kc8 36. g7 Kb7 37. Ne4 Bb5 38. Nf6 Qf7 39. g8Q Rxg8 40. Nxg8 Qf4+ 41. Qd2 Qc4+ 42. Kb1 Qf1+ 43. Kc2 Qc4+ 44. Qc3 Qe2+ 45. Kc1 Qf1+ 46. Kc2 Qe2+ 47. Qd2 Qc4+ 48. Qc3 Qe2+ 49. Qd2 Qc4+ 50. Qc3 Qe2+ 51. Qd2 1/2-1/2

[Event "CRO-ch U19 Girls"]
[Site "Bjelolasica"]
[Date "2009.07.27"]
[Round "2"]
[White "Ivekovic, Ivana"]
[Black "Saric, Zrinka"]
[Result "1/2-1/2"]
[WhiteElo "1924"]
[BlackElo "2072"]
[PlyCount "118"]
[EventDate "2009.07.26"]
[EventType "match"]
[EventRounds "3"]
[EventCountry "CRO"]
[SourceTitle "CBM 131 Extra"]
[Source "ChessBase"]
[SourceDate "2009.09.03"]
[SourceVersion "2"]
[SourceVersionDate "2009.09.16"]
[SourceQuality "1"]

1. d4 Nf6 2. Nf3 e6 3. c4 d5 4. Nc3 Nc6 5. e3 Be7 6. Be2 0-0 7. 0-0 a6 8. a3 dxc4 9. Bxc4 b6 10. Qc2 Bb7 11. Rd1 Qc8 12. e4 Rd8 13. e5 Nd5 14. Nxd5 exd5 15. Bd3 g6 16. Bf4 Qd7 17. Rac1 Rdc8 18. Qe2 Nd8 19. Ng5 c5 20. Nxh7 cxd4 21. Nf6+ Bxf6 22. exf6 Rxc1 23. Rxc1 Rc8 24. Rxc8 Bxc8 25. Qe7 Ne6 26. Bd2 Nc7 27. Bb4 Qxe7 28. fxe7 Bd7 29. Bd6 Ne8 30. Be5 b5 31. Bxd4 f5 32. g4 Kf7 33. gxf5 gxf5 34. Bc5 Nf6 35. Kg2 Ng8 36. Kg3 Nxe7 37. Kf4 Ng6+ 38. Kg5 Ne5 39. Bxf5 Nf3+ 40. Kf4 Bxf5 41. Kxf5 Nxh2 42. Ke5 d4 43. Bxd4 Nf3+ 44. Ke4 Nd2+ 45. Kd5 Nf3 46. Bc5 Ne1 47. f4 Nd3 48. Bd4 Nxf4+ 49. Kc6 Ke6 50. Kb6 Kd5 51. Bc3 Ne6 52. Kxa6 Kc6 53. Ka7 Nc5 54. Bd4 Ne6 55. Be3 Nc7 56. Bd4 Ne6 57. Bc3 Nc5 58. Bd4 Ne6 59. Be5 Nc5 1/2-1/2

[Event "CRO-chT U20 18th"]
[Site "Sv Filip i Jakov"]
[Date "2009.04.15"]
[Round "3"]
[White "Sagi, Franko"]
[Black "Ivekovic, Ivana"]
[Result "1-0"]
[WhiteElo "2044"]
[BlackElo "1942"]
[PlyCount "65"]
[EventDate "2009.04.14"]
[EventType "team-tourn"]
[EventRounds "11"]
[EventCountry "CRO"]
[SourceTitle "CBM 129 Extra"]
[Source "ChessBase"]
[SourceDate "2009.05.05"]
[SourceVersion "2"]
[SourceVersionDate "2009.05.20"]
[SourceQuality "1"]

1. e4 c5 2. Nf3 e6 3. d4 cxd4 4. Nxd4 a6 5. Nc3 Qc7 6. Be2 Nf6 7. 0-0 b5 8. Bf3 Bb7 9. Bg5 b4 10. e5 bxc3 11. exf6 cxb2 12. Rb1 Nc6 13. Rxb2 Rg8 14. Qd3 gxf6 15. Rfb1 Nb4 16. Rxb4 Bxb4 17. Rxb4 Rb8 18. Bd2 Bxf3 19. Rxb8+ Qxb8 20. Nxf3 Ke7 21. h3 Qd6 22. Qxh7 Rb8 23. Qe4 Rb1+ 24. Be1 Qa3 25. Kh2 Qxa2 26. Bb4+ d6 27. Qb7+ Kf8 28. Bxd6+ Kg7 29. Qc8 Qd5 30. Qf8+ Kg6 31. Qg8+ Kh6 32. Bf8+ Kh5 33. Qh7# 1-0

[Event "CRO-ch (Women)"]
[Site "Sveti Martin"]
[Date "2009.01.30"]
[Round "8"]
[White "Ivekovic, Ivana"]
[Black "Sargac, Rajna"]
[Result "1/2-1/2"]
[WhiteElo "1942"]
[BlackElo "2198"]
[PlyCount "154"]
[EventDate "2009.01.24"]
[EventType "tourn"]
[EventRounds "9"]
[EventCountry "CRO"]
[SourceTitle "CBM 128 Extra"]
[Source "ChessBase"]
[SourceDate "2009.03.05"]
[SourceVersion "2"]
[SourceVersionDate "2009.03.25"]
[SourceQuality "1"]

1. d4 e6 2. Nf3 f5 3. Bg5 Nf6 4. Nc3 d5 5. Bxf6 Qxf6 6. e3 c6 7. Bd3 Bd6 8. Qe2 Nd7 9. 0-0-0 0-0 10. h4 e5 11. dxe5 Nxe5 12. Qd2 Bb4 13. Kb1 a5 14. Nxe5 Qxe5 15. a3 Be7 16. Na4 Bf6 17. Qc3 Qc7 18. Qb3 b5 19. Nc3 Be6 20. e4 a4 21. Qa2 Bxc3 22. exf5 Bxf5 23. bxc3 Qb6 24. Rhf1 Rae8 25. Qb2 Qc5 26. Qb4 Qxb4+ 27. cxb4 Bxd3 28. Rxd3 Re2 29. Rc3 Rf6 30. Kc1 Rfe6 31. Kd1 g6 32. Rd3 Kg7 33. Rd2 R2e4 34. g3 Kf6 35. Rd3 Ke7 36. f3 R4e5 37. Rf2 Re1+ 38. Kd2 Kd6 39. f4 R1e4 40. Rdf3 Re1 41. Rd3 R6e4 42. g4 Rh1 43. f5 gxf5 44. gxf5 Rhxh4 45. f6 Rhf4 46. Rdf3 Rxf3 47. Rxf3 Re8 48. Rh3 Rf8 49. Rxh7 Rxf6 50. Rh3 c5 51. bxc5+ Kxc5 52. Rc3+ Kd6 53. Rh3 Rf4 54. Kd3 Kc5 55. Kd2 b4 56. axb4+ Kxb4 57. Rd3 a3 58. Rb3+ Ka4 59. Rb8 Rf3 60. Rb7 Ka5 61. Rb8 d4 62. Ke2 Rf6 63. Rb1 Ka4 64. Kd3 Rc6 65. Kxd4 a2 66. Rc1 Ka3 67. c4 Kb2 68. Rg1 a1Q 69. Rxa1 Kxa1 70. Kd5 Rc8 71. c5 Kb2 72. c6 Kb3 73. Kd6 Rh8 74. c7 Kc4 75. Kd7 Rh7+ 76. Kc6 Rh6+ 77. Kd7 Rh7+ 1/2-1/2

[Event "CRO-ch (Women)"]
[Site "Sveti Martin"]
[Date "2009.01.25"]
[Round "3"]
[White "Ivekovic, Ivana"]
[Black "Kruljac, Petra"]
[Result "0-1"]
[WhiteElo "1942"]
[BlackElo "2052"]
[PlyCount "100"]
[EventDate "2009.01.24"]
[EventType "tourn"]
[EventRounds "9"]
[EventCountry "CRO"]
[SourceTitle "CBM 128 Extra"]
[Source "ChessBase"]
[SourceDate "2009.03.05"]
[SourceVersion "2"]
[SourceVersionDate "2009.03.25"]
[SourceQuality "1"]

1. d4 d5 2. c4 c6 3. Nf3 Nf6 4. Nc3 a6 5. e3 b5 6. c5 Bg4 7. Be2 Nbd7 8. 0-0 Qc7 9. Re1 g6 10. h3 Bxf3 11. Bxf3 Bg7 12. a3 0-0 13. e4 dxe4 14. Nxe4 Nxe4 15. Bxe4 e5 16. Qf3 Rac8 17. dxe5 Bxe5 18. Qe2 Rfe8 19. Qc2 Re6 20. Rb1 Rce8 21. Bd2 Qd8 22. b4 Qh4 23. Bf3 Bd4 24. Bc3 Ne5 25. Be4 Bxc3 26. Qxc3 Qg5 27. Red1 Qf4 28. Bd3 Qf6 29. Bf1 Qf5 30. Qd4 Qg5 31. Kh1 Qf5 32. Kg1 g5 33. Rb3 h5 34. Bd3 Qf6 35. Qe4 Ng6 36. Qf3 Nf4 37. Bf1 h4 38. Qg4 Re1 39. Rbb1 R1e4 40. Qf3 R8e6 41. Rd6 Rxd6 42. cxd6 Rd4 43. Qxc6 Rxd6 44. Qe8+ Kg7 45. Re1 Ne6 46. Be2 Rd2 47. Qc6 Qe5 48. Kf1 Nd4 49. Qc3 Rxe2 50. Rxe2 Qxe2+ 0-1

[Event "CRO-ch (Women)"]
[Site "Sveti Martin"]
[Date "2009.01.25"]
[Round "2"]
[White "Saric, Kristina"]
[Black "Ivekovic, Ivana"]
[Result "1-0"]
[WhiteElo "2204"]
[BlackElo "1942"]
[PlyCount "70"]
[EventDate "2009.01.24"]
[EventType "tourn"]
[EventRounds "9"]
[EventCountry "CRO"]
[SourceTitle "CBM 128 Extra"]
[Source "ChessBase"]
[SourceDate "2009.03.05"]
[SourceVersion "2"]
[SourceVersionDate "2009.03.25"]
[SourceQuality "1"]

1. e4 c5 2. Nf3 e6 3. d4 cxd4 4. Nxd4 a6 5. Bd3 Nf6 6. 0-0 Nc6 7. Nxc6 dxc6 8. Qe2 e5 9. Nd2 Bc5 10. Nf3 Qe7 11. h3 h6 12. Bd2 0-0 13. Rfd1 Bd7 14. Ba5 b5 15. Rd2 Ba7 16. a4 Rfc8 17. c3 Bb8 18. Bb6 Bd6 19. Rad1 Ne8 20. Bc2 Be6 21. Rxd6 Nxd6 22. Bc5 Bc4 23. Qd2 Nxe4 24. Bxe7 Nxd2 25. Rxd2 f6 26. Be4 Kf7 27. Ba3 Ra7 28. Bc5 Rac7 29. Bb6 Rb7 30. a5 Ke7 31. Nh4 Rd7 32. Rxd7+ Kxd7 33. Nf5 Rg8 34. Ne3 Be6 35. Kf1 Rf8 1-0

[Event "CRO-ch (Women)"]
[Site "Sveti Martin"]
[Date "2009.01.24"]
[Round "1"]
[White "Ivekovic, Ivana"]
[Black "Ivekovic, Ana"]
[Result "1-0"]
[WhiteElo "1942"]
[BlackElo "1931"]
[PlyCount "93"]
[EventDate "2009.01.24"]
[EventType "tourn"]
[EventRounds "9"]
[EventCountry "CRO"]
[SourceTitle "CBM 128 Extra"]
[Source "ChessBase"]
[SourceDate "2009.03.05"]
[SourceVersion "2"]
[SourceVersionDate "2009.03.25"]
[SourceQuality "1"]

1. d4 Nf6 2. Nf3 e6 3. c4 b6 4. g3 Ba6 5. Nbd2 c5 6. Bg2 Bb7 7. dxc5 Bxc5 8. 0-0 0-0 9. Nb3 Be7 10. Nbd4 Nc6 11. Nb5 Na5 12. b3 Ne4 13. Bb2 a6 14. Nbd4 Qc7 15. Rc1 Rad8 16. e3 Qb8 17. Qe2 f5 18. Rfd1 g5 19. Nc2 g4 20. Ne5 d6 21. Nxg4 fxg4 22. Qxg4+ Ng5 23. f4 Bxg2 24. Kxg2 Qb7+ 25. Kg1 e5 26. fxg5 Kh8 27. Rf1 Rxf1+ 28. Rxf1 Rf8 29. Rxf8+ Bxf8 30. Qf5 Qa8 31. Ne1 Nc6 32. Qf6+ Kg8 33. Ba3 Qb8 34. Nf3 Be7 35. Qe6+ Kf8 36. g6 hxg6 37. Qxg6 b5 38. Qh6+ Kg8 39. Qg6+ Kf8 40. Qf5+ Ke8 41. Qe6 bxc4 42. Qxc4 Qb6 43. Kf2 Kf8 44. h4 Na5 45. Qc8+ Kf7 46. Qf5+ Kg7 47. Nxe5 1-0

[Event "CRO-chT U20 17th"]
[Site "Sv Filip i Jakov"]
[Date "2008.03.28"]
[Round "8"]
[White "Ivekovic, Ivana"]
[Black "Petrusic, Branimir"]
[Result "1/2-1/2"]
[WhiteElo "1874"]
[BlackElo "1901"]
[PlyCount "81"]
[EventDate "2008.03.25"]
[EventType "team-tourn"]
[EventRounds "11"]
[EventCountry "CRO"]
[SourceTitle "EXT 2010"]
[Source "ChessBase"]
[SourceDate "2010.11.25"]
[SourceVersion "1"]
[SourceVersionDate "2010.11.25"]
[SourceQuality "1"]

1. d4 d5 2. Nf3 Nf6 3. g3 e6 4. Bg2 Be7 5. c4 0-0 6. 0-0 Nbd7 7. b3 Re8 8. Bb2 Nf8 9. Nbd2 b6 10. cxd5 exd5 11. Ne5 Bb7 12. Rc1 Ng6 13. Nc6 Bxc6 14. Rxc6 Bd6 15. e3 Ne7 16. Rc2 c6 17. Qc1 Rc8 18. Ba3 Rc7 19. Bh3 Bxa3 20. Qxa3 Ne4 21. Rfc1 Nxd2 22. Rxd2 f5 23. Rdc2 g6 24. b4 Qd6 25. Qb3 Rec8 26. e4 Kg7 27. e5 Qd7 28. f4 h6 29. a4 Kf8 30. Bf1 a5 31. bxa5 bxa5 32. Rc5 Ra8 33. Rb1 Raa7 34. Qc3 Rcb7 35. Rxb7 Qxb7 36. Rxa5 Rxa5 37. Qxa5 Qb3 38. Kf2 Qb2+ 39. Ke3 Qc1+ 40. Kf2 Qb2+ 41. Ke3 1/2-1/2